000 00722nam a2200253Ia 4500
003 OSt
005 20220926012324.0
006 a|||||r|||| 00| 0
007 ta
008 220923b |||||||| |||| 00| 0 eng d
020 _a0521593891
037 _cGeneral Book
040 _aRTL
_cRTL
_beng
041 _2eng
_aeng
082 _aX:(Z,2), N8/TD1
100 _aHann C.M.
_9249127
245 0 _aProperty relations
_b Renewing the anthropological tradition
260 _aNew York
_bCambridge University Press
_c1998
300 _ax, 277p.
_ccm.
500 _aBibliography: P 254-70
650 _aEconomic Law
942 _hX:(Z,2), N8/TD1
_cGB
_2CC
999 _c622521
_d622521